AH International Schools' Libraries

The Graveyard Riddle / (Record no. 50000)

MARC details
000 -LEADER
fixed length control field 00250nam a2200097 4500
020 ## - INTERNATIONAL STANDARD BOOK NUMBER
International Standard Book Number 9780702301582
100 ## - MAIN ENTRY--PERSONAL NAME
Personal name Thomson, Lisa,
Relator term author.
9 (RLIN) 87044
245 ## - TITLE STATEMENT
Title The Graveyard Riddle /
Statement of responsibility, etc Lisa Thomson.
300 ## - PHYSICAL DESCRIPTION
Dimensions 13.6 x 2.3 x 20.1 cm.
942 ## - ADDED ENTRY ELEMENTS (KOHA)
Source of classification or shelving scheme
Koha item type Book
Holdings
Withdrawn status Lost status Source of classification or shelving scheme Damaged status Not for loan Home library Current library Date acquired Total Checkouts Full call number Barcode Date last seen Price effective from Koha item type
          Logos International School Logos International School 01/08/2026   J FIC THO 100129 01/09/2026 01/08/2026 Book

For any Logos Library related questions please contact Miss Art at swongnarasuk@asianhope.org.

For any Asian Hope Library related questions please contact Miss Raza at graza@asianhope.org.

Powered by Koha